Estadísticas para Máximos goleadores Europa League

Haz click aquí para intentar la prueba.

Estadísticas generales

  • Esta prueba ha sido intentada 30 veces
  • La puntuación promedio es 4 de 16

Estadísticas de respuestas

Nº golesNacionalidadJugador% Correcto
31ColombiaRadamel Falcao
90%
29GabónPierre-Emerick Aubameyang
83%
25Bosnia & HerzegovinaEdin Džeko
69%
40SueciaHenrik Larsson
69%
31EspañaAritz Aduriz
38%
31AlemaniaDieter Müller
31%
27IsraelMunas Dabbur
14%
26FranciaKevin Gameiro
10%
32ColombiaAlfredo Morelos
7%
34Países BajosKlaas-Jan Huntelaar
7%
25ItaliaAlessandro Altobelli
3%
24Macedonia del NorteIvan Tričkovski
3%
26InglaterraJermain Defoe
3%
25CroaciaMladen Petrić
3%
27GeorgiaShota Arveladze
3%
29BrasilVágner Love
3%

Distribución de puntuación

Porcentaje por número respondido

Porcentaje de gente con cada puntuación

Historial de tus puntuaciones

No has intentado esta prueba.